| Tag |
First Indicator |
Second Indicator |
Subfields |
| LEADER |
00000cam a2200000 i 4500 |
| 001 |
in00001108813 |
| 005 |
20150930061307.0 |
| 008 |
751017s1975 cau 000 0 eng d |
| 035 |
|
|
|a (OCoLC)01711844
|
| 035 |
|
|
|9 AFU9405AM
|
| 040 |
|
|
|a SUC
|c SUC
|d m.c.
|d TXA
|d UtOrBLW
|
| 049 |
|
|
|a TXAM
|
| 090 |
|
|
|a AS36
|b .R28 P-5473
|
| 100 |
1 |
|
|a Murray, Francis W.,
|d 1921-
|
| 245 |
1 |
0 |
|a Computations with the Rand cloud model for the Hiplex Workshop, June 1975 /
|c F. W. Murray.
|
| 264 |
|
1 |
|a [Santa Monica] :
|b [Rand Corporation],
|c [1975]
|
| 300 |
|
|
|a iii, 37 pages ;
|c 28 cm.
|
| 336 |
|
|
|a text
|b txt
|2 rdacontent
|
| 337 |
|
|
|a unmediated
|b n
|2 rdamedia
|
| 338 |
|
|
|a volume
|b nc
|2 rdacarrier
|
| 500 |
|
|
|a Cover title.
|
| 500 |
|
|
|a "P-5473."
|
| 500 |
|
|
|a "July 1975."
|
| 650 |
|
0 |
|a Cloud physics
|x Mathematical models.
|
| 710 |
2 |
|
|a Rand Corporation.
|
| 740 |
0 |
|
|a Hiplex Workshop, June 1975
|
| 999 |
|
|
|a MARS
|
| 999 |
f |
f |
|s a350a91f-9a58-341c-a3a1-1be85570ea9d
|i 801cfd43-136d-3ad1-a216-066bcecf0910
|t 0
|
| 952 |
f |
f |
|p ric
|a Texas A&M University
|b Rellis Campus
|c Joint Library Facility
|d Remote Storage
|t 0
|e AS36 .R28 P-5473
|h Library of Congress classification
|i unmediated -- volume
|m A14817112417
|
| 998 |
f |
f |
|a AS36 .R28 P-5473
|t 0
|l Remote Storage
|